Retratos de huertas y jardines de la microcuenca del río Curubital / (Registro nro. 19089)

Detalles MARC
000 -CABECERA
Campo de control 01106nam a2200241 a 4500
005 - FECHA Y HORA DE LA ULTIMA TRANSACCION
Campo de control 20161015121017.0
008 - ELEMENTOS DE LONGITUD FIJA—INFORMACION GENERAL
Campo de control 161015t2015 ck ao|||r|||| 00| 0 spa d
040 ## - FUENTE DE CATALOGACIÓN
Agencia catalogadora original CO-BoIAVH
Agencia transcriptora CO-BoIAVH
041 0# - IDIOMA
Código de idioma para texto/pista de sonido o título separado Español
044 ## - PAÍS DE PUBLICACIÓN
País de publicación Colombia
090 ## - CLASIFICACIÓN LOCAL
Colección FG-
Consecutivo 0074
245 00 - MENCION DE TITULO
Título Retratos de huertas y jardines de la microcuenca del río Curubital /
Mención de responsabilidad editado por Fabio Ávila ; fotografías por Stefan Ortíz
260 ## - PUBLICACION, DISTRIBUCION, ETC. (PIE DE IMPRENTA)
Lugar de publicación, distribución, etc. Bogotá, Colombia :
Nombre del editor, distribuidor, etc. Jardín Botánico de Bogotá José Clestino Mutis,
Fecha de publicación, distribución, etc. 2015.
300 ## - DESCRIPCION FISICA
Extensión 1 folleto plegable :
Otros detalles físicos ilustraciones a color y fotografías a color ;
Dimensiones 21 x 10 cm.
490 0# - MENCION DE SERIE
Mención de serie Agrobiodiversidad ;
Designación numérica/secuencial del volumen 1
650 26 - ASIENTO SECUNDARIO DE MATERIA - TERMINO TEMATICO
Término temático o nombre geográfico como elemento de entrada Plantas
Subdivisión de forma ilustraciones
Subdivisión geográfica Colombia
-- río Curibital (Cundinamarca)
9 (RLIN) 76934
650 26 - ASIENTO SECUNDARIO DE MATERIA - TERMINO TEMATICO
Término temático o nombre geográfico como elemento de entrada Botánica
Subdivisión de forma ilustraciones
Subdivisión geográfica Colombia
-- río Curibital (Cundinamarca)
9 (RLIN) 76935
650 26 - ASIENTO SECUNDARIO DE MATERIA - TERMINO TEMATICO
Término temático o nombre geográfico como elemento de entrada Árboles forestales
Subdivisión de forma ilustraciones
Subdivisión geográfica Colombia
-- río Curibital (Cundinamarca)
9 (RLIN) 76936
650 26 - ASIENTO SECUNDARIO DE MATERIA - TERMINO TEMATICO
Término temático o nombre geográfico como elemento de entrada Flora
Subdivisión de forma ilustraciones
Subdivisión geográfica Colombia
-- río Curibital (Cundinamarca)
9 (RLIN) 76937
700 1# - ASIENTO SECUNDARIO - NOMBRE PERSONAL
Nombre personal Ávila, Fabio
Término de relación editor
9 (RLIN) 76917
700 1# - ASIENTO SECUNDARIO - NOMBRE PERSONAL
Nombre personal Ortiz, Stefan
Término de relación fotografías
9 (RLIN) 76918
942 ## - ELEMENTOS ADICIONALES (KOHA)
Sistema de clasificación Local
Tipo de ítem Folleto
Existencias
Withdrawn status Lost status Sistema de Clasificación Damaged status No para préstamo Colección Inventariado Ubicación Permanente Ubicación actual Fecha de adquisición Total Checkouts Número topográfico Inventario / Código de Barras Date last seen Ejemplar Price effective from Forma de adquisición Tipo de material
    Local     Hemeroteca Inventariado 2017 Bogotá Bogotá 15/10/2016   FG-0074 040768 15/10/2016 Ej. 1 15/10/2016 Donación Folleto